000 00500nam a2200205Ia 4500
003 GCL
008 140319s9999 xx 000 0 eng d
040 _aGCL /
_cGCL
082 0 4 _a709.52
_bS J
100 1 _aSTANLEY-BAKER, JOAN
245 1 0 _aJAPANESE ART /
_cSTANLEY-BAKER, JOAN
260 _a[S.N] :
_bTHAMES AND HUDSON ،
_c1992
300 _a216 PP
650 0 4 _aART JAPANESE
650 0 4 _aARTS
650 0 4 _aHISTORY AND CRITICISM
650 0 4 _aART
650 0 4 _aJAPAN
942 _2ddc
_cBK
999 _c18840
_d18840